Ghana the golden experience.

Bibliographic Details
Format: Book
Published: [S.l]: [s.n], [2001].
Subjects:
LEADER 00363cam a2200133 7i4500
001 0000019213
005 20070503090000.0
090 0 0 |a GHAN 966.7   |b GHA 
245 0 0 |a Ghana the golden experience. 
260 0 0 |a [S.l]:   |b [s.n],   |c [2001]. 
300 # # |a [n.p]. 
650 0 0 |a Ghana --   |x Social conditions  
651 0 0 |a Ghana  
999 |a 0000018645  |b Book  |c Countries  |e Business Information Centre